| 000 | 00841nam a22002777a 4500 | ||
|---|---|---|---|
| 001 | 7466 | ||
| 003 | FISKH | ||
| 005 | 20250812161720.0 | ||
| 008 | 250717b cb ||||| |||| 00| 0 eng d | ||
| 020 | _a0060225432 | ||
| 040 |
_aFISKH _beng _cFISKH _dFISKH |
||
| 050 | _aPZ7.H672 W | ||
| 082 | _a823.9 | ||
| 100 | _aHoff, Syd | ||
| 245 |
_aWalpole / _cBy Syd Hoff |
||
| 260 |
_aColumbus, Ohio : _bHarper Collin Publishers , _c1977. |
||
| 300 |
_a32 pages : _bcolor illustrations ; _c22 cm . |
||
| 490 | _aAn Early I can Read Book | ||
| 505 | _aG | ||
| 520 | _aAlthough Walpole is the biggest walrus in the herd, he would rather play with the baby walruses than be a leader. | ||
| 521 | 8 |
_a370
_bLexile estimate |
|
| 521 | 8 |
_aG
_bRaz-Plus |
|
| 650 |
_aWalruses _vFiction |
||
| 942 |
_2ddc _cBK _n0 |
||
| 999 |
_c7466 _d7466 |
||